000 00955nam a2200253Ia 4500
003 OSt
005 20220923224459.0
006 a|||||r|||| 00| 0
007 ta
008 220922b |||||||| |||| 00| 0 hin d
020 _c350
024 _a235,632
037 _b449, 12/03/2008, Swaraj Prakashan
_cTextual
040 _aARTS
_cARTS
_bhin
041 _2hin
_ahin
082 _aO152,1J32,1:g(A), N8;P7
100 _aशर्मा, विष्णुदत्त
_9156365
245 0 _aरामचरितमानस में वैज्ञानिक तत्व
246 _aRāmacharitamānas mean vaijnyānik tatva
260 _aगाजियाबाद
_b शोध प्रकाशन अकादमी
_c2007
300 _a320पृ.
_ccm.
942 _hO152,1J32,1:g(A), N8;P7
_cTEXL
_2CC
999 _c371727
_d371727